Ciudad y territorio (Registro nro. 8847)

Detalles MARC
000 -LEADER
fixed length control field 00951nas a2200265 454500
001 - CONTROL NUMBER
control field 39684
005 - DATE AND TIME OF LATEST TRANSACTION
control field 20260407193510.0
008 - FIXED-LENGTH DATA ELEMENTS--GENERAL INFORMATION
fixed length control field 260407s1969####ag###########|||spa#d
003 - CONTROL NUMBER IDENTIFIER
control field AR-UNSa-BCEJYS
040 ## - CATALOGING SOURCE
Original cataloging agency AR-UNSa-BCEJYS
Language of cataloging spa
Transcribing agency AR-UNSa-BCEJYS
080 ## - UNIVERSAL DECIMAL CLASSIFICATION NUMBER
Universal Decimal Classification number 711
Common auxiliary subdivision Principios y práctica de la ordenación. Ordenación del territorio, ordenación urbana y rural
022 ## - INTERNATIONAL STANDARD SERIAL NUMBER
International Standard Serial Number 0210-0487
041 ## - LANGUAGE CODE
Language code of text/sound track or separate title spa
100 1# - MAIN ENTRY--PERSONAL NAME
Personal name Instituto de Estudios de Administración Local
245 10 - TITLE STATEMENT
Title Ciudad y territorio
Name of part/section of a work revista de ciencia urbana
264 #1 - PRODUCTION, PUBLICATION, DISTRIBUTION, MANUFACTURE, AND COPYRIGHT NOTICE
Place of production, publication, distribution, manufacture Madrid :
Name of producer, publisher, distributor, manufacturer Instituto Nacional de Administración Pública (INAP)
Date of production, publication, distribution, manufacture, or copyright notice 1969
310 ## - CURRENT PUBLICATION FREQUENCY
Current publication frequency Frecuencia: Trimestral
505 ## - FORMATTED CONTENTS NOTE
Formatted contents note <br/>
590 ## - LOCAL NOTE (RLIN)
Local note niveau_biblio:s niveau_hierar:1
650 ## - SUBJECT ADDED ENTRY--TOPICAL TERM
Topical term or geographic name entry element Sociología urbana
650 ## - SUBJECT ADDED ENTRY--TOPICAL TERM
Topical term or geographic name entry element ORDENACION DEL TERRITORIO
700 1# - ADDED ENTRY--PERSONAL NAME
Personal name Terán, Fernando de
856 41 - ELECTRONIC LOCATION AND ACCESS
Uniform Resource Identifier <a href="https://biblioeco.unsa.edu.ar/pmb/images/revistas/R20390.jpg">https://biblioeco.unsa.edu.ar/pmb/images/revistas/R20390.jpg</a>
Link text Imagen de portada
Electronic format type image/jpeg
942 ## - ADDED ENTRY ELEMENTS (KOHA)
Koha item type
Existencias
Withdrawn status Lost status Damaged status Not for loan Home library Current library Shelving location Date acquired Serial enumeration / chronology Total checkouts Full call number Barcode Date last seen Price effective from Koha item type
        Biblioteca Prof. Eusebio Cleto del Rey Biblioteca Prof. Eusebio Cleto del Rey   01/01/1988 Nº 75/1 - ene./mar. 1988   H711 CIU 75/1 R20390 10/04/2026 10/04/2026 Numero